[Event "Women's Speed Chess Q1"]
[Site "chess.com INT"]
[Date "2020.06.18"]
[Round "3"]
[White "Sukandar, Irine Kharisma"]
[Black "Kirchei, Viktoriia"]
[Result "0-1"]
[WhiteTitle "IM"]
[BlackTitle "WFM"]
[WhiteElo "2413"]
[BlackElo "2207"]
[WhiteFideId "7101937"]
[BlackFideId "34133396"]
[EventDate "2020.06.18"]

1. d4 Nf6 2. Bf4 d5 3. e3 c6 4. c4 Bf5 5. Nc3 e6 6. Qb3 Qc8 7. h3 Nbd7 8. Nf3
Be7 9. Be2 O-O 10. O-O dxc4 11. Bxc4 b5 12. Be2 a5 13. a3 Qb7 14. Nh4 Be4 15.
Nxe4 Nxe4 16. Nf3 Ndf6 17. Bd3 Rac8 18. Rac1 Rfd8 19. Rfd1 a4 20. Qc2 c5 21.
dxc5 Nxc5 22. Be2 Nd3 23. Rxd3 Rxc2 24. Rxd8+ Bxd8 25. Rxc2 Nd5 26. Be5 h6 27.
Rc5 b4 28. Rb5 Qd7 29. axb4 Bf6 30. Rb8+ Kh7 31. Bd3+ g6 32. Bb5 Qa7 33. Rc8
Bxe5 34. Nxe5 Nxb4 35. Rd8 Qc7 36. Nxf7 Nc6 37. Bxc6 Qxc6 38. f4 Qc1+ 39. Kh2
Qxe3 40. g3 Qf2+ 41. Kh1 Qxb2 42. Ne5 Qc1+ 43. Kh2 Qc2+ 44. Kh1 a3 45. Rd7+ Kg8
46. Rd8+ Kg7 47. Rd7+ Kf8 48. Rd8+ Ke7 49. Rd7+ Ke8 50. Ra7 a2 51. Ra8+ Ke7 52.
Ra7+ Kd6 53. Ra6+ Kd5 54. Ra5+ Ke4 55. Nxg6 Qb1+ 56. Kg2 Ke3 57. Ra3+ Ke2 58.
Ne5 a1=Q 59. Rxa1 Qxa1 0-1

[Event "Women's Speed Chess Q1"]
[Site "chess.com INT"]
[Date "2020.06.18"]
[Round "4"]
[White "Benmesbah, Natacha"]
[Black "Bulmaga, Irina"]
[Result "0-1"]
[WhiteTitle "WIM"]
[BlackTitle "IM"]
[WhiteElo "2223"]
[BlackElo "2440"]
[WhiteFideId "642002"]
[BlackFideId "13903063"]
[EventDate "2020.06.18"]

1. e4 c5 2. Nf3 d6 3. Bb5+ Nd7 4. d4 cxd4 5. Qxd4 a6 6. Bxd7+ Bxd7 7. O-O e5 8.
Qe3 h6 9. Rd1 Nf6 10. h3 Be7 11. c4 Qc7 12. b3 O-O 13. a4 b5 14. axb5 axb5 15.
Rxa8 Rxa8 16. cxb5 Bxb5 17. Nc3 Bc6 18. Nd5 Bxd5 19. exd5 Qb7 20. Bb2 Ra5 21.
Qc3 Rc5 22. Qe1 Qxb3 23. Nxe5 dxe5 24. Qxe5 Qxd1+ 0-1

[Event "Women's Speed Chess Q1"]
[Site "chess.com INT"]
[Date "2020.06.18"]
[Round "4"]
[White "Vifleemskaia, Svetlana"]
[Black "Allahverdiyeva, Ayan"]
[Result "1/2-1/2"]
[WhiteTitle "WFM"]
[BlackTitle "WFM"]
[WhiteElo "1943"]
[BlackElo "2088"]
[WhiteFideId "4129490"]
[BlackFideId "13412590"]
[EventDate "2020.06.18"]

1. d4 Nf6 2. c4 g6 3. Nc3 Bg7 4. e4 d6 5. Nge2 O-O 6. Ng3 e5 7. d5 a5 8. Be2 Na6
9. Be3 Nc5 10. O-O Ne8 11. Qc2 Qh4 12. Qd2 Nf6 13. f3 h6 14. Bf2 Qf4 15. Be3 Qh4
16. Bf2 Qg5 17. Be3 Qh4 1/2-1/2

[Event "Women's Speed Chess Q1"]
[Site "chess.com INT"]
[Date "2020.06.18"]
[Round "4"]
[White "Frattini, Beatriz Maria"]
[Black "Karnaukhova, Elmira"]
[Result "0-1"]
[WhiteTitle "WCM"]
[BlackTitle "WGM"]
[WhiteElo "1868"]
[BlackElo "2319"]
[WhiteFideId "22715002"]
[BlackFideId "4148827"]
[EventDate "2020.06.18"]

1. e4 c5 2. Nf3 e6 3. d4 cxd4 4. Nxd4 Nf6 5. Nc3 Nc6 6. Nxc6 bxc6 7. e5 Nd5 8.
Ne4 Qa5+ 9. Bd2 Qc7 10. f4 Qb6 11. b3 Bb4 12. c3 Nxc3 13. Nxc3 Bxc3 14. Bxc3
Qe3+ 15. Be2 Qxc3+ 16. Kf2 Qc5+ 17. Kf3 O-O 18. Rc1 Qa5 19. Qc2 f6 20. exf6 Rxf6
21. Kg3 e5 22. Rhf1 exf4+ 23. Rxf4 Qg5+ 24. Rg4 Qe5+ 25. Kh3 d5 26. g3 h5 0-1

[Event "Women's Speed Chess Q1"]
[Site "chess.com INT"]
[Date "2020.06.18"]
[Round "4"]
[White "Tereladze, Sopiko"]
[Black "Cagara, Paulina"]
[Result "1-0"]
[WhiteTitle "WIM"]
[WhiteElo "2141"]
[BlackElo "2054"]
[WhiteFideId "13600486"]
[BlackFideId "1124870"]
[EventDate "2020.06.18"]

1. d4 f5 2. Nc3 Nf6 3. Bg5 g6 4. Bxf6 exf6 5. e4 fxe4 6. Nxe4 d5 7. Ng3 Bg7 8.
Bd3 O-O 9. N1e2 f5 10. Qd2 c6 11. h4 h5 12. O-O-O b5 13. Kb1 a5 14. Nf4 Qd6 15.
Be2 Bh6 16. Ngxh5 gxh5 17. g3 Nd7 18. Bxh5 Nf6 19. Bf3 b4 20. Rdg1 a4 21. Qd3
Ba6 22. Qxf5 Ne4 23. Qg4+ Kh7 24. Bxe4+ dxe4 25. Ne6 Rf6 26. Qxe4+ Kh8 27. Ng5
b3 28. Qh7# 1-0

[Event "Women's Speed Chess Q1"]
[Site "chess.com INT"]
[Date "2020.06.18"]
[Round "4"]
[White "Gaponenko, Inna"]
[Black "Cyfka, Karina"]
[Result "1-0"]
[WhiteTitle "IM"]
[BlackTitle "IM"]
[WhiteElo "2396"]
[BlackElo "2411"]
[WhiteFideId "14101181"]
[BlackFideId "1122681"]
[EventDate "2020.06.18"]

1. e4 e5 2. Nf3 Nc6 3. Bb5 a6 4. Bxc6 dxc6 5. O-O Bg4 6. h3 h5 7. d3 Qf6 8. Nbd2
g5 9. Nc4 Bxf3 10. Qxf3 Qxf3 11. gxf3 f6 12. Be3 Ne7 13. d4 exd4 14. Bxd4 Bg7
15. Ne3 O-O-O 16. Rfd1 Rd7 17. Kf1 Rhd8 18. Bc3 Rxd1+ 19. Rxd1 Rxd1+ 20. Nxd1
Ng6 21. Ne3 Nf4 22. Nf5 Bh8 23. h4 gxh4 24. Nxh4 Kd7 25. Bd2 Ne6 26. Nf5 Ke8 27.
Kg2 Kf7 28. Kg3 Ng5 29. Be3 Bg7 30. Bxg5 fxg5 31. Nxg7 Kxg7 32. f4 h4+ 33. Kg4
gxf4 34. Kxf4 Kf6 35. Kg4 Ke5 36. f3 c5 37. Kxh4 Kf4 38. Kh5 1-0

[Event "Women's Speed Chess Q1"]
[Site "chess.com INT"]
[Date "2020.06.18"]
[Round "4"]
[White "Fominykh, Maria"]
[Black "Soumya, Swaminathan"]
[Result "0-1"]
[WhiteTitle "WGM"]
[BlackTitle "IM"]
[WhiteElo "2206"]
[BlackElo "2351"]
[WhiteFideId "4142411"]
[BlackFideId "5016193"]
[EventDate "2020.06.18"]

1. d4 d5 2. c4 c6 3. Nf3 Nf6 4. Nc3 e6 5. cxd5 exd5 6. Bg5 Be7 7. e3 Bf5 8. h3
h6 9. Bf4 Nbd7 10. Bd3 Bxd3 11. Qxd3 Nf8 12. O-O Ne6 13. Bh2 O-O 14. Rab1 a5 15.
Ne5 Ng5 16. f3 Rc8 17. a3 c5 18. dxc5 Bxc5 19. Kh1 d4 20. Na4 Ba7 21. exd4 Qxd4
22. Qb5 Rc2 23. Bg1 Qd2 24. Bxa7 Qxg2# 0-1

[Event "Women's Speed Chess Q1"]
[Site "chess.com INT"]
[Date "2020.06.18"]
[Round "4"]
[White "Bartel, Marta"]
[Black "Sviridova, Vlada"]
[Result "1/2-1/2"]
[WhiteTitle "WGM"]
[BlackTitle "WFM"]
[WhiteElo "2192"]
[BlackElo "2144"]
[WhiteFideId "1123009"]
[BlackFideId "24109606"]
[EventDate "2020.06.18"]

1. d4 d5 2. c4 c6 3. cxd5 cxd5 4. Bf4 Nf6 5. Nc3 Nc6 6. e3 a6 7. Rc1 Bf5 8. Nf3
e6 9. h3 h6 10. Ne5 Nxe5 11. Bxe5 Nd7 12. Bg3 Rc8 13. Bd3 Bxd3 14. Qxd3 Be7 15.
O-O O-O 16. Rc2 Nf6 17. Rfc1 Qd7 18. Bh4 b5 19. Bxf6 Bxf6 20. Ne2 Be7 21. Ng3
Bd6 22. Nf1 Rc4 23. Nd2 Rcc8 24. Nb3 Rc4 25. Nd2 Rcc8 26. Nb3 Rc4 27. Nd2 1/2-1/2

[Event "Women's Speed Chess Q1"]
[Site "chess.com INT"]
[Date "2020.06.18"]
[Round "4"]
[White "Nguyen, Hong Anh"]
[Black "Sihite, Chelsie Monica Ignesias"]
[Result "0-1"]
[WhiteTitle "WIM"]
[BlackTitle "WIM"]
[WhiteElo "1970"]
[BlackElo "2252"]
[WhiteFideId "12406732"]
[BlackFideId "7101198"]
[EventDate "2020.06.18"]

1. d4 d6 2. c4 Nf6 3. Nf3 Nc6 4. g3 e5 5. dxe5 Nxe5 6. Bg2 Be7 7. O-O O-O 8. b3
Nxf3+ 9. Bxf3 Bh3 10. Re1 Ng4 11. Nd2 Bf6 12. Rb1 Bc3 13. Qc2 Bf6 14. Bxb7 Rb8
15. Bd5 h5 16. Ne4 h4 17. Nxf6+ Qxf6 18. Bf3 Rfe8 19. Bb2 Qg5 20. c5 hxg3 21.
hxg3 Nxf2 22. Kh2 Bf5 23. e4 Ng4+ 24. Kg2 Qh6 25. Kg1 Be6 26. Qc1 Qh2+ 27. Kf1
Qf2# 0-1

[Event "Women's Speed Chess Q1"]
[Site "chess.com INT"]
[Date "2020.06.18"]
[Round "4"]
[White "Zakirova, Aisha"]
[Black "Frayna, Janelle Mae"]
[Result "0-1"]
[WhiteTitle "WCM"]
[BlackTitle "WGM"]
[WhiteElo "1585"]
[BlackElo "2179"]
[WhiteFideId "13719734"]
[BlackFideId "5212499"]
[EventDate "2020.06.18"]

1. d4 Nf6 2. c4 g6 3. Nc3 d5 4. e3 Bg7 5. Qb3 c6 6. Nf3 O-O 7. Bd2 Ne4 8. Nxe4
dxe4 9. Ng5 e5 10. dxe5 Qxg5 11. Qc2 Nd7 12. Qxe4 Qxe5 13. Qxe5 Nxe5 14. Be2 Be6
15. Rc1 Rfd8 16. b3 Nd3+ 17. Bxd3 Rxd3 18. Ke2 Rad8 19. Rc2 Bf5 20. Rhc1 c5 21.
f3 b6 22. e4 Be6 23. Bg5 f6 24. Bf4 f5 25. e5 R8d7 26. Bg3 g5 27. f4 gxf4 28.
Bxf4 Bf7 29. Kf2 R3d4 30. g3 Re4 31. Re2 Rdd4 32. Rxe4 fxe4 33. Re1 Be6 34. Kg2
Kf7 35. Rf1 Bg4 36. Be3+ Bf3+ 37. Kg1 Rd3 38. Bf4 Ke6 39. h3 Bxe5 40. Bxe5 Kxe5
41. g4 Kf4 42. Re1 e3 43. Kf1 Kg3 44. Kg1 Rd2 45. Rxe3 Rd1+ 0-1

[Event "Women's Speed Chess Q1"]
[Site "chess.com INT"]
[Date "2020.06.18"]
[Round "4"]
[White "Li, Xueyi"]
[Black "Buksa, Nataliya"]
[Result "1/2-1/2"]
[WhiteTitle "WGM"]
[BlackTitle "IM"]
[WhiteElo "2328"]
[BlackElo "2410"]
[WhiteFideId "8605912"]
[BlackFideId "14123622"]
[EventDate "2020.06.18"]

1. Nf3 d5 2. g3 Nf6 3. Bg2 e6 4. O-O Be7 5. c4 O-O 6. d4 dxc4 7. Qc2 c6 8. Qxc4
b5 9. Qc2 Bb7 10. Rd1 Nbd7 11. a4 bxa4 12. Qxa4 Qb6 13. Na3 c5 14. Nc4 Qb4 15.
Nce5 Qxa4 16. Rxa4 cxd4 17. Nxd7 Nxd7 18. Raxd4 Nb6 19. h4 Bf6 20. R4d3 h6 21.
Ne1 Bxg2 22. Nxg2 Rfc8 23. Ne3 a5 24. b3 a4 25. bxa4 Nxa4 26. Ng4 Bb2 27. Be3 h5
28. Nh2 Nc3 29. Re1 Nd5 30. Bd2 Rab8 31. Nf3 Nb4 32. Rb3 Nc2 33. Rxb8 Rxb8 34.
Rd1 Rd8 35. Rb1 Bf6 36. Bf4 Nd4 37. Nxd4 Rxd4 38. Rb8+ Kh7 39. Be3 Ra4 40. Kg2
Kg6 41. Kf1 Be5 42. Rb5 1/2-1/2

[Event "Women's Speed Chess Q1"]
[Site "chess.com INT"]
[Date "2020.06.18"]
[Round "4"]
[White "Morales Flores, Monserrat"]
[Black "Vovk, Anastasiia"]
[Result "1-0"]
[WhiteTitle "WCM"]
[BlackTitle "WGM"]
[WhiteElo "1974"]
[BlackElo "2076"]
[WhiteFideId "3412016"]
[BlackFideId "14110563"]
[EventDate "2020.06.18"]

1. e4 c6 2. d4 d5 3. Nc3 dxe4 4. Nxe4 Nd7 5. Nf3 Ngf6 6. Ng3 e6 7. Bd3 Be7 8.
O-O O-O 9. Re1 c5 10. c3 b6 11. Bf4 Bb7 12. Rc1 Rc8 13. Qe2 Nd5 14. Bd2 cxd4 15.
Nxd4 N7f6 16. Red1 Nc7 17. Bg5 Qd5 18. Nf3 Qxa2 19. Ra1 Bxf3 20. gxf3 Qb3 21.
Bc4 1-0

[Event "Women's Speed Chess Q1"]
[Site "chess.com INT"]
[Date "2020.06.18"]
[Round "4"]
[White "Petrova, Irina"]
[Black "Castillo Pena, Patricia Evarista"]
[Result "1-0"]
[WhiteTitle "WIM"]
[BlackTitle "WCM"]
[WhiteElo "2087"]
[BlackElo "1770"]
[WhiteFideId "14124122"]
[BlackFideId "6412106"]
[EventDate "2020.06.18"]

1. d4 d5 2. c4 c6 3. Nf3 Nf6 4. Nc3 e6 5. cxd5 exd5 6. Bg5 Be7 7. e3 O-O 8. Bd3
Nbd7 9. O-O Re8 10. Qc2 Nf8 11. Ne5 Ng4 12. Bf4 Nxe5 13. Bxe5 Ng6 14. Bg3 Bf6
15. b4 Be6 16. b5 Rc8 17. bxc6 bxc6 18. Na4 Be7 19. Nc5 Bf8 20. Nxe6 fxe6 21.
Bxg6 hxg6 22. Qxg6 Qe7 23. Rab1 Qf7 24. Qxf7+ Kxf7 25. Rb7+ Re7 26. Rfb1 Re8 27.
Bd6 Rxb7 28. Rxb7+ Kg8 29. Bxf8 Rxf8 30. Rxa7 Rb8 31. g3 Rb2 32. a4 Rc2 33. a5
c5 34. dxc5 Rxc5 35. a6 Ra5 36. Ra8+ Kh7 37. a7 Kg6 38. Re8 Rxa7 39. Rxe6+ Kf7
40. Rb6 Ra2 41. Kg2 Rd2 42. h4 Ke7 43. Rg6 Kf7 44. Rg4 Kf6 45. Rd4 1-0

[Event "Women's Speed Chess Q1"]
[Site "chess.com INT"]
[Date "2020.06.18"]
[Round "4"]
[White "Mamedjarova, Turkan"]
[Black "Zhukova, Natalia"]
[Result "1-0"]
[WhiteTitle "WGM"]
[BlackTitle "GM"]
[WhiteElo "2309"]
[BlackElo "2328"]
[WhiteFideId "13402005"]
[BlackFideId "14101513"]
[EventDate "2020.06.18"]

1. d4 Nf6 2. c4 e6 3. Nc3 d5 4. cxd5 Nxd5 5. e4 Nxc3 6. bxc3 c5 7. Nf3 cxd4 8.
cxd4 Bb4+ 9. Bd2 Bxd2+ 10. Qxd2 O-O 11. Be2 b6 12. O-O Bb7 13. Qe3 Nd7 14. e5 h6
15. h3 Rc8 16. Rac1 Qe7 17. Nd2 Bd5 18. Bc4 Bxc4 19. Nxc4 b5 20. Nd6 Rxc1 21.
Rxc1 Nb6 22. Nxb5 Nd5 23. Qd2 Rb8 24. Nd6 Kh7 25. Qd3+ g6 26. Qd2 Rb4 27. g3 Qd7
28. Qd3 Kg7 29. Kg2 Qa4 30. Qf3 Qd7 31. Rc8 Rxd4 32. Rb8 Nc7 33. Rb7 Rxd6 34.
exd6 Qxd6 35. Qc3+ 1-0

[Event "Women's Speed Chess Q1"]
[Site "chess.com INT"]
[Date "2020.06.18"]
[Round "4"]
[White "Ushenina, Anna"]
[Black "Gevorgyan, Maria"]
[Result "1-0"]
[WhiteTitle "GM"]
[BlackTitle "WGM"]
[WhiteElo "2416"]
[BlackElo "2228"]
[WhiteFideId "14110911"]
[BlackFideId "13300270"]
[EventDate "2020.06.18"]

1. d4 d5 2. Nf3 Nf6 3. Bf4 c5 4. e3 Nc6 5. Nbd2 Bf5 6. Bb5 Qb6 7. c4 dxc4 8. a4
Bd3 9. Ne5 a6 10. Ndxc4 Bxc4 11. Nxc4 Qd8 12. Bxc6+ bxc6 13. dxc5 Qd5 14. Qxd5
Nxd5 15. Bg3 e6 16. Bd6 Bxd6 17. cxd6 Rb8 18. O-O f6 19. e4 Nb6 20. Na5 Kd7 21.
Rfc1 Rhc8 22. b4 Kxd6 23. Rc3 e5 24. f3 Rc7 25. Kf2 Nd7 26. Rd1+ Ke6 27. Nxc6
Rbc8 28. Rdc1 Nb8 29. Nd4+ Kd7 30. Rxc7+ Rxc7 31. Rxc7+ Kxc7 32. Ne6+ Kd6 33.
Nxg7 Nd7 34. Kg3 Nb6 35. a5 Nc4 36. Ne8+ Kc6 37. Nxf6 Kb5 38. Nd5 1-0

[Event "Women's Speed Chess Q1"]
[Site "chess.com INT"]
[Date "2020.06.18"]
[Round "4"]
[White "Fernandez, Maria Florencia"]
[Black "Bouah, Denise"]
[Result "1-0"]
[WhiteTitle "WIM"]
[BlackTitle "WIM"]
[WhiteElo "2229"]
[BlackElo "1770"]
[WhiteFideId "116459"]
[BlackFideId "14300818"]
[EventDate "2020.06.18"]

1. d4 g6 2. c4 Bg7 3. Nc3 d6 4. e4 Nd7 5. Be2 Ngf6 6. Be3 O-O 7. g4 e5 8. d5 Nc5
9. f3 h5 10. g5 Nfd7 11. h4 Qe7 12. Qd2 Re8 13. O-O-O a5 14. Bf1 a4 15. Bh3 a3
16. b3 Na6 17. Kb1 Ndc5 18. Bxc8 Rexc8 19. Nge2 Nb4 20. Nc1 Rd8 21. N3e2 Nba6
22. Nd3 c6 23. Nxc5 Nxc5 24. Nc3 Na6 25. Bb6 Rd7 26. Be3 Rb8 27. Na4 b5 28. dxc6
bxa4 29. cxd7 axb3 30. Qxd6 bxa2+ 31. Kxa2 Nb4+ 32. Kxa3 Nc2+ 33. Ka4 Qd8 34.
Qxb8 Qxb8 35. d8=Q+ Qxd8 36. Rxd8+ Kh7 37. Bc5 1-0

[Event "Women's Speed Chess Q1"]
[Site "chess.com INT"]
[Date "2020.06.18"]
[Round "4"]
[White "Nikulina, Alena"]
[Black "Mendoza, Shania Mae"]
[Result "0-1"]
[WhiteTitle "WFM"]
[BlackTitle "WFM"]
[WhiteElo "1887"]
[BlackElo "2158"]
[WhiteFideId "4172051"]
[BlackFideId "5211158"]
[EventDate "2020.06.18"]

1. e4 c6 2. Nc3 d5 3. Qe2 d4 4. Nd1 e5 5. g3 c5 6. d3 Nc6 7. Bg2 h6 8. f4 Bd6 9.
Nf3 Nge7 10. Nf2 Qc7 11. f5 Bd7 12. O-O O-O-O 13. a4 g6 14. g4 gxf5 15. gxf5
Rdg8 16. Kh1 f6 17. Bd2 Be8 18. a5 Rh7 19. a6 b6 20. Rg1 Bh5 21. c3 Qd7 22. Bh3
Qe8 23. Rxg8 Qxg8 24. Rg1 Rg7 25. Rxg7 Qxg7 26. c4 Kc7 27. Bg2 Nb8 28. Qe1 Nxa6
29. Qc1 Ng8 30. Qa1 Kb7 31. Qc1 Nc7 32. Qe1 a5 33. Qc1 Bf8 34. b3 Qd7 35. Nh4 a4
36. b4 cxb4 37. Ng6 Bc5 38. Bxh6 a3 39. Bd2 b3 40. Qb1 b2 41. Nd1 Bxd1 42. Qxd1
a2 0-1

[Event "Women's Speed Chess Q1"]
[Site "chess.com INT"]
[Date "2020.06.18"]
[Round "4"]
[White "Injac, Teodora"]
[Black "Kairbekova, Amina"]
[Result "1-0"]
[WhiteTitle "WIM"]
[BlackTitle "WFM"]
[WhiteElo "2286"]
[BlackElo "2065"]
[WhiteFideId "932400"]
[BlackFideId "13712799"]
[EventDate "2020.06.18"]

1. Nf3 d5 2. g3 Bg4 3. Bg2 e6 4. O-O Bd6 5. c4 c6 6. d3 Nf6 7. Nc3 O-O 8. cxd5
exd5 9. Qb3 Qc8 10. e4 dxe4 11. dxe4 Nbd7 12. h3 Bxf3 13. Bxf3 Nc5 14. Qd1 Rd8
15. Qe2 Qxh3 16. Bg5 Be5 17. Bg2 Qe6 18. Rad1 h6 19. Be3 Bxc3 20. Bxc5 Ba5 21.
Rxd8+ Rxd8 22. Bxa7 Qxa2 23. e5 Nd5 24. e6 fxe6 25. Qxe6+ Kh8 26. Bd4 Nf6 27.
Qxa2 1-0

[Event "Women's Speed Chess Q1"]
[Site "chess.com INT"]
[Date "2020.06.18"]
[Round "4"]
[White "Shafigullina, Zarina"]
[Black "Sargsyan, Anna M."]
[Result "1-0"]
[WhiteTitle "WFM"]
[BlackTitle "WGM"]
[WhiteElo "2296"]
[BlackElo "2405"]
[WhiteFideId "24174220"]
[BlackFideId "13308130"]
[EventDate "2020.06.18"]

1. d4 d5 2. Nf3 Nf6 3. g3 Bf5 4. c4 e6 5. Nc3 c6 6. Nh4 Bg4 7. h3 Bh5 8. g4 Bg6
9. Qb3 Qc8 10. Nxg6 hxg6 11. g5 Ng8 12. Bf4 Nd7 13. Bg2 Ne7 14. Rc1 dxc4 15.
Qxc4 Nf5 16. Qd3 Bd6 17. Bxd6 Nxd6 18. e4 Qd8 19. h4 Qa5 20. a3 O-O-O 21. Ke2 e5
22. d5 Nc5 23. Qc2 Qa6+ 24. Kd1 Nd3 25. Bf1 Nxe4 26. Bxd3 Nxf2+ 27. Ke2 Nxd3 28.
Qxd3 Qb6 29. b4 Kb8 30. d6 e4 31. Nxe4 Rhe8 32. Kf3 Re5 33. Rc5 Rf5+ 34. Rxf5
gxf5 35. Nc5 a5 36. Qd4 Qb5 37. Re1 b6 38. Nd3 axb4 39. axb4 c5 40. Qd5 1-0

[Event "Women's Speed Chess Q1"]
[Site "chess.com INT"]
[Date "2020.06.18"]
[Round "4"]
[White "Dubnikova, Anastasia"]
[Black "Millard, Charlotte"]
[Result "1-0"]
[WhiteTitle "WFM"]
[BlackTitle "WCM"]
[WhiteElo "2148"]
[BlackElo "1252"]
[WhiteFideId "44153759"]
[BlackFideId "14320363"]
[EventDate "2020.06.18"]

1. Nf3 Nf6 2. d4 g6 3. Bg5 Bg7 4. Nbd2 d6 5. e4 e5 6. dxe5 dxe5 7. Be2 Nc6 8. c3
O-O 9. O-O Bg4 10. h3 Be6 11. Bc4 Bxc4 12. Bxf6 Qxf6 13. Nxc4 Rad8 14. Qe2 b6
15. Ne3 Rd7 16. Rfd1 Rfd8 17. Qb5 Rxd1+ 18. Rxd1 Rxd1+ 19. Nxd1 Qd6 20. Ne3 Nb8
21. Qe8+ Qf8 22. Qa4 a5 23. Nd5 c6 24. Nxb6 Qc5 25. Nc4 h5 26. Nxa5 Qb6 27. Nc4
Qc5 28. Nfd2 Bh6 29. b4 Qe7 30. Qa8 Qd8 31. Nf1 Bg7 32. a4 Kh7 33. a5 Qc7 34. a6
Nd7 35. Qb7 Qxb7 36. axb7 Bf8 37. Nxe5 Nxe5 38. b8=Q Bg7 39. Ne3 Nd3 40. c4 c5
41. bxc5 Nxc5 42. Qc7 Nxe4 43. Qxf7 Nd2 44. c5 Ne4 45. c6 Nd6 46. Qd7 Nb5 47. c7
Nxc7 48. Qxc7 Kh6 49. Nd5 g5 50. Qd6+ Kh7 51. Ne7 g4 52. Qg6+ Kh8 53. Qxh5+ Bh6
54. Qxh6# 1-0

[Event "Women's Speed Chess Q1"]
[Site "chess.com INT"]
[Date "2020.06.18"]
[Round "4"]
[White "Mammadzada, Gunay"]
[Black "Cramling, Pia"]
[Result "1-0"]
[WhiteTitle "IM"]
[BlackTitle "GM"]
[WhiteElo "2443"]
[BlackElo "2464"]
[WhiteFideId "13403729"]
[BlackFideId "1700030"]
[EventDate "2020.06.18"]

1. e4 c5 2. Nf3 a6 3. c4 e6 4. d4 cxd4 5. Nxd4 Nf6 6. Nc3 Bb4 7. Qd3 O-O 8. e5
Ne8 9. Bf4 d6 10. a3 dxe5 11. Bxe5 Be7 12. O-O-O Nd7 13. Bg3 Nc5 14. Qc2 Bd6 15.
b4 Nd7 16. Bxd6 Nxd6 17. Nxe6 fxe6 18. Rxd6 Qf6 19. f3 Ne5 20. Ne4 Qf4+ 21. Qd2
Bd7 22. Qxf4 Rxf4 23. Be2 Rc8 24. Kb2 Kf8 25. Nc5 Ke7 26. Rhd1 Rc7 27. g3 Nxc4+
28. Bxc4 Rxc4 29. Rxd7+ Rxd7 30. Rxd7+ 1-0

[Event "Women's Speed Chess Q1"]
[Site "chess.com INT"]
[Date "2020.06.18"]
[Round "4"]
[White "Monteiro, Sara Cristina da Silva"]
[Black "Bogumil, Tatiana"]
[Result "0-1"]
[WhiteTitle "WCM"]
[BlackTitle "WGM"]
[WhiteElo "1709"]
[BlackElo "2182"]
[WhiteFideId "1909860"]
[BlackFideId "4110579"]
[EventDate "2020.06.18"]

1. d4 Nf6 2. Bg5 Ne4 3. Bh4 d5 4. Nc3 Nxc3 5. bxc3 c6 6. e3 Qa5 7. Qd2 Nd7 8.
Nf3 Nf6 9. Bd3 g6 10. O-O Bg7 11. Rfd1 Bg4 12. c4 Qxd2 13. Rxd2 Ne4 14. Bxe4
dxe4 15. Ne1 Be6 16. d5 Bxa1 17. dxe6 fxe6 18. f3 Bc3 19. Re2 Rd8 20. fxe4 Rd1
21. Kf2 Rf8+ 22. Nf3 h6 23. g4 e5 24. Kg2 Kd7 25. Bg3 Ke6 26. Nh4 Rg8 0-1

[Event "Women's Speed Chess Q1"]
[Site "chess.com INT"]
[Date "2020.06.18"]
[Round "4"]
[White "Kanyamarala, Trisha"]
[Black "Ambartsumova, Karina"]
[Result "0-1"]
[WhiteTitle "WIM"]
[BlackTitle "IM"]
[WhiteElo "2193"]
[BlackElo "2371"]
[WhiteFideId "45004722"]
[BlackFideId "4166299"]
[EventDate "2020.06.18"]

1. d4 d6 2. c4 e5 3. Nc3 Nf6 4. dxe5 dxe5 5. Qxd8+ Kxd8 6. Bg5 c6 7. O-O-O+ Kc7
8. Nf3 Nbd7 9. h3 a5 10. e4 Bc5 11. Bh4 Nh5 12. Ng5 h6 13. Nf3 f6 14. g4 Nf4 15.
Bg3 Nb6 16. Nh4 Be6 17. b3 Rhd8 18. Nf5 g6 19. Ne3 a4 20. Rxd8 Kxd8 21. Be2 axb3
22. Rd1+ Ke7 23. axb3 Bb4 24. Bxf4 exf4 25. Ned5+ cxd5 26. Nxd5+ Nxd5 27. exd5
Ra1+ 28. Kc2 Rxd1 29. Bxd1 Bd7 30. Kd3 Kd6 31. Ke4 g5 0-1

[Event "Women's Speed Chess Q1"]
[Site "chess.com INT"]
[Date "2020.06.18"]
[Round "4"]
[White "Berzina, Ilze"]
[Black "Solozhenkina, Elizaveta"]
[Result "1/2-1/2"]
[WhiteTitle "WGM"]
[BlackTitle "WIM"]
[WhiteElo "2192"]
[BlackElo "2301"]
[WhiteFideId "11601345"]
[BlackFideId "34106615"]
[EventDate "2020.06.18"]

1. e4 c5 2. Nf3 d6 3. Bb5+ Nd7 4. O-O a6 5. Bxd7+ Bxd7 6. d4 cxd4 7. Qxd4 e5 8.
Qd3 h6 9. c4 b5 10. Nc3 bxc4 11. Qxc4 Nf6 12. Be3 Be7 13. Rfd1 O-O 14. Rac1 Be6
15. Nd5 Nxd5 16. exd5 Bd7 17. a4 f5 18. Nxe5 dxe5 19. d6+ Rf7 20. dxe7 Qxe7 21.
Qd5 Rc8 22. Rxc8+ Bxc8 23. Bc5 Qe6 24. b4 Kh7 25. Qxe6 Bxe6 26. Rd6 Bc4 27. f3
Rc7 28. Kf2 Rc8 29. a5 Rc7 30. Ke3 Rf7 31. Rb6 Rf6 32. Rxf6 gxf6 33. f4 1/2-1/2

[Event "Women's Speed Chess Q1"]
[Site "chess.com INT"]
[Date "2020.06.18"]
[Round "4"]
[White "Sakorenko, Adriana"]
[Black "Pham, Le Thao Nguyen"]
[Result "0-1"]
[WhiteTitle "WFM"]
[BlackTitle "IM"]
[WhiteElo "2216"]
[BlackElo "2366"]
[WhiteFideId "34130249"]
[BlackFideId "12401226"]
[EventDate "2020.06.18"]

1. Nf3 d5 2. e3 c6 3. c4 Nf6 4. b3 Bf5 5. Bb2 e6 6. Be2 Nbd7 7. O-O h6 8. Nc3
Be7 9. Rc1 O-O 10. h3 a5 11. d4 Ne4 12. Bd3 Bg6 13. Qc2 f5 14. Ne2 Qe8 15. Ne5
Nxe5 16. dxe5 Nc5 17. Nf4 Bh7 18. cxd5 exd5 19. Be2 g5 20. Bh5 Qc8 21. Ng6 Bxg6
22. Bxg6 Qe6 23. Bh5 Ne4 24. Kh2 g4 25. hxg4 fxg4 26. Qe2 Rxf2 27. Rxf2 g3+ 28.
Kh1 Nxf2+ 29. Kg1 Rf8 30. Rf1 Bg5 31. Bd4 Rf5 32. Bg4 Nxg4 33. Qxg4 Rxf1+ 34.
Kxf1 Qxg4 0-1